1483 1738 1836 1935 1056 1378 1946 1929 1352 1198 1462 1490 1525 1594 1678 1596 1897 1109 1103 1793 1503 1448 1984 1502 1655 1564 1710 1073 1325 1007 1452 1164 1937 1081 1318 1198 1045 1270 1023 1364 1474 1795 1983 1419 1536 1312 1029 1336 1751 1005 1291 1891 1851 1365 1934 1552 1658 1592 1214 1950 1437 1739 1737 1432 1492 1557 1643 1120 1608 1367 1215 1951 1264 1514 1553 1229 1724 1456 1042 1949 1327 1318 1952 1463 1924 1102 1749 1011 1594 1492 1988 1136 1689 1171 1481 1264 1625 1778 1020 BCNSPRNW ULIB Ver.6.0+V

เปลี่ยนเป็นภาษาไทย

Change to English
 แสดงรายละเอียดบรรณานุกรม
  กลับหน้าหลัก

Brief Record : Get Marc (ISO 2709) : E-mail record : QR code < ปิดหน้าต่าง
LEADER : 00000nam 2200000uu 4500
001    13399123796
003     ULIB
008    141128s2555th 000 0 tha d
024    9789742533120
099    ^aนว.^bน472จ
100 0  ^aนายา
245 00 ^aเมื่อน้ำค้างสลาย^cนายา
250    ^aพิมพ์ครั้งที่ 1
260    ^aกรุงเทพฯ :^bเพื่อนดี,^c2555
300    ^a331 หน้า
945    ^p230^l0^i037270
999    ^aเกษร โพธิ์สุวรรณ
รายการนี้ยังไม่มีแท็ก
คุณยังไม่ได้ล็อกอิน คุณสามารถมีกิจกรรมร่วมกับเว็บไซต์ได้ แต่ต้องล็อกอินก่อน ::
  ล็อกอิน

รายการสื่อสารสนเทศ

ลำดับที่ ประเภท เลขเรียก/บาร์โค้ด สถานที่ สถานะ
1. นวนิยาย
นวนิยาย
นว. น472จ ฉ.1 
  Barcode: 037270
ห้องสมุดวิทยาเขตนครสวรรค์
►นวนิยาย:l:Fiction
บนชั้น
Note:อภินันทนาการโดย อาจารย์จุฑารัตน์ สว่างชัย

รายการใกล้เคียง
    ผู้แต่ง [นายา]

BibComment


ยังไม่เคยถูกคอมเมนท์

คอมเมนท์ทรัพยากรรายการนี้
  คอมเมนท์: เมื่อน้ำค้างสลาย..


 Copyright 2026. Bcnsprnw @Library